000
00379nam a2200145Ia 4500
008
100122s9999 xx 000 0 und d
082
_b
60959
_a
823.08
100
_a
पांडे सुरुचि
245
_a
झेन
260
_b
ग्रंथाली प्रकाशन
_c
2001
300
_a
100
630
_a
झेन
730
_a
झेन
942
_c
BOOK
999
_c
435924
_d
435921